Les pays qui se terminent par SIE - Statistiques

Statistiques générales
  • Ce quiz a été pris 253 fois
  • Le résultat moyen est 4 sur 6
Statistiques - réponses
pays % Correct
Malaisie
77%
Indonésie
67%
Russie
63%
Tunisie
55%
Biélorussie
47%
Micronésie
45%
Aucun quiz correspondant
Distribution des résultats
% des personnes avec chaque résultat
Percentile par nombre de réponses
Votre historique - résultats
Vous n’avez pas pris ce quiz